000 01447cai a22002535a 4500
001 ##L135707
008 061127s2006 xxk f 000 0 eng d
020 _a186134936X
020 _a9781861349361
035 _a(Sirsi) u135707
041 0 _aeng
050 0 4 _a306.11 $2 18
100 1 _aTunstall, Rebecca
245 0 0 _aTwenty-five years on twenty estates
_bturning the tide?
_h[electonic resource]
260 _aBristol
_bPolicy Press
_c2006
520 _aTracks the progress of 20 unpopular and rundown council estates in England between 1980 and 2005. Reveals that six estates had improved steadily over the 25 year period, 10 had floundered after initial progress, but had improved again by 2005, and the remaining four were in an uncertain position in 2005. Factors contributing to the improved estates include sustained local housing management, resident involvement and capital investment as well as regional and national trends such as rising employment, increasing house prices and falling crime. The 20 estates span London, the Midlands, northwest and northeast England and include every major type of council housing.
590 _aKA
651 4 _aEngland
_y886-
690 _aResidential property
_96266
700 1 _aCoulter, Alice
710 2 _aJoseph Rowntree Foundation
_92318
856 4 0 _uhttps://www.jrf.org.uk/knowledge/findings/housing/1958.asp
_zView the report free of charge at www.jrf.org.uk...
942 _n0
999 _c106166
_d106166